000 01321cam a2200373Ia 4500
001 89338
005 20230410115729.0
008 960507s1996 nyu b 000 0 eng d
010 _a 95081659
035 _a(OCoLC)ocm34687876
040 _aIHI
_cIHI
_dOCLCQ
_dVYG
020 _a0884861325
020 _a9780884861324
035 _a(OCoLC)34687876
050 1 4 _aHG179
_bB959c 1996
082 0 4 _a332.024
_220
100 1 _aBurkett, Larry.
245 1 4 _aThe complete guide to managing your money :
_bYour finances in changing times ; Using your money wisely ; Debt-free living /
_cby Larry Burkett.
250 _a1st Inspirational Press ed.
260 _aNew York :
_bInspirational Press,
_c1996.
300 _a567 p. ;
_c24 cm.
500 _aPreviously published in three separate volumes. Your finances in changing times. Rev. ed., 1993.
504 _aIncludes bibliographical references.
505 0 _apt. 1. Your finances in changing times -- pt. 2. Using your money wisely -- pt. 3. Debt-free living.
650 0 _aFinance, Personal.
650 4 _aFinanzas personales.
650 0 _aChristian stewardship.
650 0 _aDebt.
740 0 1 _aYour finances in changing times.
740 0 1 _aUsing your money wisely.
740 0 1 _aDebt-free living.
942 _2lcc
_cbk
994 _aC0
_bDRFGD
999 _c46875
_d46875